00681nam a2200205Ia 4500008004100000050001200041050001500053100003100068245007600099245011300175260003100288260001000319260001000329300001500339300002000354300001100374500005600385521001500441999001900456170504s9999 xx 000 0 und d aTK 6655 b.B352 2016 aBautista, Colleen Marie F. aDevelopment of a video production through spoofing of a dramatic film / cColleen Marie F. Baustista, Ma. Laura S, Dominguez, Ma. Diniela Marie F. Molina, Gabriel Crisnand F. Manalo. aLas Piñas, Philippines : bSISC, c2016. a97 pages : billustrations ; c28 cm. aIncludes bibliographical references and appendices. aMedia Arts c329709d329709